000 00507nam a2200181Ia 4500
001 9185
005 20260306160705.0
008 260306t1980||||xx |||||||||||||| ||spa||
041 _aESP
082 _a375
_bT57
100 _aTincopa Calle, Lila,
_eAUT
245 0 _aCurriculum II :
_btécnica curricular. Planeamiento del curriculum en el núcleo educativo y en el centro educativo
260 _c1980
300 _a100 páginas :
_c21 cm.
650 _aGEN
654 _aCED
942 _cLIB
_dJUS
_fJUS
_2ddc
_n
999 _c9185
_d9185